Preparar el futuro : (Registro nro. 7265)

Detalles MARC
000 -LEADER
fixed length control field 01154nam a22002777a 4500
003 - CONTROL NUMBER IDENTIFIER
control field OSt
005 - DATE AND TIME OF LATEST TRANSACTION
control field 20210223084654.0
008 - FIXED-LENGTH DATA ELEMENTS--GENERAL INFORMATION
fixed length control field 210219s2002 ck ||||gr|||| 00| 0 spa d
020 ## - INTERNATIONAL STANDARD BOOK NUMBER
International Standard Book Number 9586824446
040 ## - CATALOGING SOURCE
Original cataloging agency CO-JMCR
Transcribing agency CO-JMCR
041 0# - LANGUAGE CODE
Language code of text/sound track or separate title spa
082 04 - DEWEY DECIMAL CLASSIFICATION NUMBER
Classification number 303.6909861 /
Item number R439p
Edition number 23
100 1# - MAIN ENTRY--PERSONAL NAME
Personal name Rettberg, Angelika,
Relator term coordinadora
9 (RLIN) 13730
245 10 - TITLE STATEMENT
Title Preparar el futuro :
Remainder of title conflicto y post-conflicto en Colombia /
Statement of responsibility, etc. Angelika Rettberg, Coordinadora
250 ## - EDITION STATEMENT
Edition statement Primera edición
260 ## - PUBLICATION, DISTRIBUTION, ETC.
Place of publication, distribution, etc. Bogotá :
Name of publisher, distributor, etc. Alfaomega : Universidad de los Andes : Ideas Para la Paz,
Date of publication, distribution, etc. 2002
300 ## - PHYSICAL DESCRIPTION
Extent xxii, 40 páginas ;
Dimensions 21 cm.
490 0# - SERIES STATEMENT
Series statement Libros de cambio
500 ## - GENERAL NOTE
General note Incluye notas a pie de página.
504 ## - BIBLIOGRAPHY, ETC. NOTE
Bibliography, etc. note Bibliografía: páginas 38-40
505 0# - FORMATTED CONTENTS NOTE
Formatted contents note ¿Por qué hablar de post-conflicto? -- Los dilemas del post-conflicto -- Temas estratégicos del post-conflicto en Colombia -- Descripción de los temas estratégicos para la preparación del post-conflicto en Colombia
650 14 - SUBJECT ADDED ENTRY--TOPICAL TERM
Topical term or geographic name entry element Proceso de paz
Geographic subdivision Colombia
9 (RLIN) 8036
650 24 - SUBJECT ADDED ENTRY--TOPICAL TERM
Topical term or geographic name entry element Solución de conflictos
Geographic subdivision Colombia
9 (RLIN) 8341
650 24 - SUBJECT ADDED ENTRY--TOPICAL TERM
Topical term or geographic name entry element Tratados de paz
Geographic subdivision Colombia
9 (RLIN) 8529
942 ## - ADDED ENTRY ELEMENTS (KOHA)
Source of classification or shelving scheme Dewey Decimal Classification
Koha item type Books
Existencias
Withdrawn status Lost status Source of classification or shelving scheme Damaged status Not for loan Collection code Home library Current library Date acquired Source of acquisition Total Checkouts Full call number Barcode Date last seen Copy number Price effective from Koha item type
    Dewey Decimal Classification     Non-fiction Biblioteca Pública José María del Castillo y Rada Biblioteca Pública José María del Castillo y Rada 10/02/2020 Donación   303.6909861 / R439p 201810367 05/16/2024 Ej.1 02/19/2021 Books